[Event "Troya op 23rd"]
[Site "Canakkale"]
[Date "2015.08.11"]
[Round "5"]
[White "Yildiz, Serkan"]
[Black "Karakurt, Fahri"]
[Result "0-1"]
[WhiteElo "1852"]
[BlackElo "1842"]
[PlyCount "106"]
[EventDate "2015.08.08"]
[EventType "swiss"]
[EventRounds "9"]
[EventCountry "TUR"]
[SourceTitle "CBM 167 Extra"]
[Source "ChessBase"]
[SourceDate "2015.09.14"]
[SourceVersion "1"]
[SourceVersionDate "2015.09.14"]
[SourceQuality "1"]

1. c4 e5 2. Nc3 Nc6 3. g3 g6 4. Bg2 Bg7 5. e3 Nge7 6. Nge2 0-0 7. d4 exd4 8. Nxd4 Nxd4 9. exd4 Nf5 10. Ne2 Re8 11. 0-0 Qe7 12. Bf3 Qf6 13. Bf4 d6 14. b3 Nxd4 15. Nxd4 Qxd4 16. Qxd4 Bxd4 17. Rae1 Bh3 18. Rxe8+ Rxe8 19. Rd1 Bb6 20. b4 Kg7 21. a4 a5 22. bxa5 Bxa5 23. Bxb7 Re2 24. Be3 Bd7 25. Kg2 Ra2 26. c5 Bxa4 27. Rc1 Bb4 28. Rc4 dxc5 29. Bxc5 Bxc5 30. Rxc5 Rc2 31. Ra5 Bb3 32. Be4 Rc3 33. Bd5 Kf6 34. Bxb3 Rxb3 35. Rc5 Rb7 36. Kf3 Ke6 37. Rc6+ Kd5 38. Ra6 c5 39. Ra8 c4 40. Rd8+ Kc5 41. Kf4 c3 42. Kg5 Rc7 43. Rd1 Kc4 44. f4 c2 45. Rc1 Kc3 46. f5 Kd2 47. Rxc2+ Kxc2 48. Kh6 Rc5 49. f6 Rh5+ 50. Kg7 Rxh2 51. Kxf7 Rg2 52. Kg7 Rxg3 53. Kxh7 g5 0-1

[Event "Troya op 21st"]
[Site "Canakkale"]
[Date "2013.08.18"]
[Round "3"]
[White "Morchiashvili, Bachana"]
[Black "Yildiz, Serkan"]
[Result "1-0"]
[WhiteElo "2355"]
[BlackElo "1897"]
[PlyCount "39"]
[EventDate "2013.08.17"]
[EventType "swiss"]
[EventRounds "9"]
[EventCountry "TUR"]
[SourceTitle "CBM 156 Extra"]
[Source "ChessBase"]
[SourceDate "2013.10.22"]
[SourceVersion "1"]
[SourceVersionDate "2013.10.22"]
[SourceQuality "1"]

1. d4 d5 2. c4 e6 3. Nf3 Nf6 4. Nc3 c6 5. Bg5 Nbd7 6. e3 Bd6 7. Bd3 Qe7 8. 0-0 0-0 9. Qc2 h6 10. Bh4 Bb4 11. Rad1 Bxc3 12. Qxc3 a5 13. a3 dxc4 14. Bxc4 g5 15. Bg3 Ne4 16. Qc2 Nxg3 17. fxg3 e5 18. Qg6+ Kh8 19. Qxh6+ Kg8 20. Nxg5 1-0